Normal view
MARC view
- الحريري، ابراهيم محمد محمود
Entry Personal Name
001 - CONTROL NUMBER
- control field: 31460
003 - CONTROL NUMBER IDENTIFIER
- control field: JO-AjAnu
005 - DATE AND TIME OF LATEST TRANSACTION
- control field: 20230606075310.0
008 - FIXED-LENGTH DATA ELEMENTS
- fixed length control field: 230606|| aca||aabn | a|a d
040 ## - CATALOGING SOURCE
- Original cataloging agency: JO-AjAnu
- Transcribing agency: JO-AjAnu
100 ## - HEADING--PERSONAL NAME
- Personal name: الحريري، ابراهيم محمد محمود
670 ## - SOURCE DATA FOUND
- Source citation: Work cat.: (JO-AjAnu)16154: الحريري، ابراهيم محمد محمود, author, المدخل الى القواعد الفقهية الكلية : تعريفها- نشأتها- تطورها- شرعيتها- تصنيفها- وقواعد أصولية لها صلة بها